000 00709nam a2200205Ia 4500
003 GCL
008 140319s9999 xx 000 0 ara d
040 _aGCL /
_cGCL
082 0 4 _a001.5
_bع و
100 1 _aعبدالخبير محمود عطا
245 1 0 _aالوظيفة الاتصالية لجامعة الدول العربية /
_cعبدالخبير محمود عطا
260 _a[S.N] :
_bمعهد البحوث والدراسات العربية ،
_c1977
300 _a119 ص
490 _aالدراسات الخاصة
_v0
650 0 4 _aالاتصال
650 0 4 _aالاعلام
650 0 4 _aوسائل الاعلام
650 0 4 _aجامعة الدول العربية
942 _2ddc
_cBK
999 _c33479
_d33479